| 000 | 00544nam a22002057a 4500 | ||
|---|---|---|---|
| 003 | OSt | ||
| 005 | 20140310182907.0 | ||
| 008 | 130128t xxu||||| |||| 00| 0 eng d | ||
| 020 | _a9712337405 | ||
| 050 |
_aPL6141 _b.L139 2003 |
||
| 082 |
_aFIL 828 _bL71 2003 |
||
| 245 |
_aThe Literatures of the Philippines _cLacia , Ferdilyn C. |
||
| 260 |
_aManila _bRex Book Store _c2003 |
||
| 300 |
_a374 p. _c23 cm. _b ill. |
||
| 521 | _acollege students | ||
| 526 | _c1210L-1700L | ||
| 541 | _j1 | ||
| 562 | _e3 | ||
| 942 |
_2lcc _cBK _kFIL |
||
| 999 |
_c17173 _d17173 |
||